Billeder fra Haiti = (Record no. 268)

MARC details
000 -LEADER
campo de control de longitud fija 01502 a2200361 4500
001 - NÚMERO DE CONTROL
campo de control 16732628
005 - FECHA Y HORA DE LA ÚLTIMA TRANSACCIÓN
campo de control 20220326193258.0
010 ## - NÚMERO DE CONTROL DE LA BIBLIOTECA DEL CONGRESO
Número de control de LC 2011382633
020 ## - NÚMERO INTERNACIONAL ESTÁNDAR DEL LIBRO
Número Internacional Estándar del Libro 8777660870 (pbk.)
020 ## - NÚMERO INTERNACIONAL ESTÁNDAR DEL LIBRO
Número Internacional Estándar del Libro 9788777660870 (pbk.)
035 ## - NÚMERO DE CONTROL DEL SISTEMA
Número de control de sistema (OCoLC)ocm45576575
040 ## - FUENTE DE CATALOGACIÓN
Centro catalogador/agencia de origen FBR
Centro/agencia transcriptor FBR
Centro/agencia modificador OCL
-- SMI
-- OCLCQ
-- DLC
041 1# - CÓDIGO DE IDIOMA
Código de lengua del texto/banda sonora o título independiente dan
Código de lengua original eng
042 ## - CÓDIGO DE AUTENTICACIÓN
Código de autenticación lccopycat
043 ## - CÓDIGO DE ÁREA GEOGRÁFICA
Código de área geográfica nwht---
050 00 - SIGNATURA TOPOGRÁFICA DE LA BIBLIOTECA DEL CONGRESO
Número de clasificación ND306
Número de ítem .B55 2000
082 04 - NÚMERO DE LA CLASIFICACIÓN DECIMAL DEWEY
Número de clasificación 759.972.94
Número de ítem B597b
245 00 - MENCIÓN DEL TÍTULO
Título Billeder fra Haiti =
Resto del título Images from Haiti, Jorgen Leth's collection.
246 31 - FORMA VARIANTE DEL TITULO
Título propio/Titulo breve Images from Haiti
246 30 - FORMA VARIANTE DEL TITULO
Título propio/Titulo breve Jorgen Leth's collection.
260 ## - PUBLICACIÓN, DISTRIBUCIÓN, ETC.
Lugar de publicación, distribución, etc. [Denmark] :
Nombre del editor, distribuidor, etc. Kunsthallen Brandts Kld̆efabrik,
Fecha de publicación, distribución, etc. [2000]
300 ## - DESCRIPCIÓN FÍSICA
Extensión 191 p. :
Otras características físicas col. ill. ;
Dimensiones 29 cm.
500 ## - NOTA GENERAL
Nota general Exhibition "shown in Kunsthallen Brandts Kld̆efabrik from the 18 September 1999 to the 30 January 2000."
546 ## - NOTA DE IDIOMA
Nota de lengua/lenguaje Bilingual edition--Text in Danish and English.
600 10 - PUNTO DE ACCESO ADICIONAL DE MATERIA--NOMBRE DE PERSONA
Nombre de persona Leth, Jr̜gen
Subdivisión general Art collections
Subdivisión de forma Catalogs.
9 (RLIN) 1227
650 #0 - PUNTO DE ACCESO ADICIONAL DE MATERIA--TÉRMINO DE MATERIA
Término de materia o nombre geográfico como elemento de entrada Painting, Haitian
Subdivisión cronológica 20th century
Subdivisión de forma Exhibitions.
9 (RLIN) 1228
650 #0 - PUNTO DE ACCESO ADICIONAL DE MATERIA--TÉRMINO DE MATERIA
Subdivisión general Leth, Jorgen-art collections-catalogs
-- painting, Haiti- 20th century-exhibitions
-- painting, modern
-- Haiti in art
9 (RLIN) 1229
650 #0 - PUNTO DE ACCESO ADICIONAL DE MATERIA--TÉRMINO DE MATERIA
Término de materia o nombre geográfico como elemento de entrada Painting, Modern
Subdivisión cronológica 20th century
Subdivisión geográfica Haiti
Subdivisión de forma Exhibitions.
9 (RLIN) 1230
650 #0 - PUNTO DE ACCESO ADICIONAL DE MATERIA--TÉRMINO DE MATERIA
Término de materia o nombre geográfico como elemento de entrada Haiti in art.
9 (RLIN) 1231
710 2# - ENTRADA AGREGADA--NOMBRE DE ENTIDAD CORPORATIVA
Nombre de entidad corporativa o nombre de jurisdicción como elemento de entrada Kunsthallen (Brandts kld̆efabrik)
9 (RLIN) 1232
906 ## - ELEMENTOS DE DATOS F LOCAL, LDF (RLIN)
a 7
b cbc
c copycat
d 3
e ncip
f 20
g y-gencatlg
Holdings
Estatus retirado Estado de pérdida Fuente del sistema de clasificación o colocación Estado de daño No para préstamo Biblioteca de origen Biblioteca actual Ubicación en estantería Fecha de adquisición Total de préstamos Signatura topográfica completa Código de barras Visto por última vez Precio de reemplazo Tipo de ítem Koha
    Clasificación Decimal Dewey     Biblioteca LadoV Biblioteca LadoV   11/07/2014   759.972.94 B597b 000283 11/07/2014 11/07/2014 Material 01